Rock indentation : experiments and analyses.

This book focusses on rock indentation and importance of specific drilling/cutting energy as a performance indicator for drilling/rock cutting. It aids in designing of drill bits and cutting picks, through performance evaluation for a given geometry. It further covers stress distribution along three...

Full description

Bibliographic Details
Main Author: Murthy, Chivukula S. N.
Corporate Author: Taylor & Francis
Format: eBook
Language:English
Published: [Place of publication not identified] : CRC Press, 2021.
Subjects:
Online Access:Connect to the full text of this electronic book

MARC

Tag First Indicator Second Indicator Subfields
LEADER 00000cam a2200000Mi 4500
001 in00005524921
006 m o d
007 cr cnu---unuuu
008 210731s2021 xx o 000 0 eng d
005 20241108165927.4
035 |a (OCoLC)on1262366885 
040 |a YDX  |b eng  |e rda  |e pn  |c YDX  |d N$T  |d OCLCO  |d YDX  |d UKMGB  |d OCLCF  |d TYFRS  |d UKAHL  |d OCLCQ  |d OCLCO  |d OCLCQ  |d SFB  |d OCLCQ  |d OCLCO  |d OCLCL 
015 |a GBC138947  |2 bnb 
016 7 |a 020129659  |2 Uk 
019 |a 1264401928 
020 |a 9780429670855  |q (electronic bk.) 
020 |a 0429670850  |q (electronic bk.) 
020 |a 9780429019951  |q (electronic bk.) 
020 |a 0429019955  |q (electronic bk.) 
020 |a 9780429672347  |q (PDF ebook) 
020 |a 0429672349 
020 |a 9780429669361  |q (electronic bk. ;  |q Mobipocket) 
020 |a 0429669364  |q (electronic bk. ;  |q Mobipocket) 
020 |z 0367030306 
020 |z 9780367030308 
024 7 |a 10.1201/9780429019951  |2 doi 
035 |a (OCoLC)1262366885  |z (OCoLC)1264401928 
037 |a 9780429670855  |b Ingram Content Group 
037 |a 9780429019951  |b Taylor & Francis 
050 4 |a TA706  |b .M87 2021 
072 7 |a TEC  |x 009020  |2 bisacsh 
072 7 |a TEC  |x 009150  |2 bisacsh 
072 7 |a KNAT  |2 bicssc 
082 0 4 |a 624.15132  |2 23 
049 |a TXAM 
100 1 |a Murthy, Chivukula S. N. 
245 1 0 |a Rock indentation :  |b experiments and analyses. 
264 1 |a [Place of publication not identified] :  |b CRC Press,  |c 2021. 
300 |a 1 online resource 
336 |a text  |b txt  |2 rdacontent 
337 |a computer  |b c  |2 rdamedia 
338 |a online resource  |b cr  |2 rdacarrier 
520 |a This book focusses on rock indentation and importance of specific drilling/cutting energy as a performance indicator for drilling/rock cutting. It aids in designing of drill bits and cutting picks, through performance evaluation for a given geometry. It further covers stress distribution along three axes in rock during load application, correlation of specific energy with properties of rocks and statistical modelling to generate mathematical equation to estimate the specific energy indentation, including performance prediction by artificial neural network modelling. Presented models can be used to assess the specific energy in rock indentation from the physic-mechanical properties of rocks. Presents synthesis of rock indentation experiments and analyses Deals with statistical modeling to generate mathematical equations to estimate the specific energy indentation from the rock parameters/properties Discusses how to find the performance of drill and cutting bits during drilling or cutting operations through indentation test Covers numerical modeling to explain stress distribution in rock during rock indentation Includes artificial neural network concepts used in field of rock mechanics This book is aimed at researchers and graduate students in mining/geological engineering, and mechanical engineering. 
545 0 |a Ch. S.N. Murthy joined NITK, Surathkal (formerly known as KREC, Surathkal) in August 1987 as a lecturer and presently working as professor in the Department of Mining Engineering. He did B.E. (Mining Engg.) from Kothagudem School of Mines, Osmina University in 1980. He joined in M/s. The Singareni Collieries Co. Ltd. In July 1980 and worked in underground coal mines for 5 year and 6 months. He got M. Tech (Mine Planning & Design) from Indian School of Mines, Dhanbad in 1987. He completed Ph. D in Mining Engineering from I.I.T, Kharagpur in 1999. His areas of interest for research are Rock Drilling, Mine Planning & Design, Underground Coal Mining, Ground Control, Mine Surveying and Rock Excavation Engineering. He actively involved in research activities and completed 4 R & D Projects as PI/CO-investigators and 1 project is in progress. He organised more than 20 training programmes/short term courses/workshops. He organised one National Seminar in 2008 and one International Symposium in 2010 jointly with DGMS. He guided 8 Ph. D. scholar and another 10 Ph. D. scholar are carrying out research work. He published more than 150 technical papers in International Journal/ National Journal/ International Symposium/ National Seminar. He visited USA, Canada, Australia, Malaysia, and Singapore. He is life member of The Institutions of Engineers (India), Mining Geological & Metallurgical Society of India and Mining Engineering Association of India (MEAI). 
650 0 |a Rock mechanics. 
650 0 |a Rocks  |x Testing. 
650 6 |a Mécanique des roches. 
650 6 |a Roches  |x Essais. 
650 7 |a TECHNOLOGY  |x Engineering  |x Civil.  |2 bisacsh 
650 7 |a Rock mechanics  |2 fast 
650 7 |a Rocks  |x Testing  |2 fast 
655 7 |a Electronic books.  |2 local 
710 2 |a Taylor & Francis. 
758 |i has work:  |a Rock Indentation (Text)  |1 https://id.oclc.org/worldcat/entity/E39PD3R4PMRJQG3MkM3jHDqjP3  |4 https://id.oclc.org/worldcat/ontology/hasWork 
776 0 8 |i Print version:  |z 9780429670855 
776 0 8 |i Print version:  |z 0367030306  |z 9780367030308  |w (OCoLC)1226397142 
856 4 0 |u http://proxy.library.tamu.edu/login?url=https://www.taylorfrancis.com/books/9780429019951  |z Connect to the full text of this electronic book  |t 0 
955 |a Taylor and Francis ENGnetBASE 
994 |a 92  |b TXA 
999 f f |s e0935d25-a673-40d5-8b63-9e47a05ad256  |i 8aed4912-8ea8-4177-a057-36cf8fbf94ac  |t 0 
952 f f |a Texas A&M University  |b College Station  |c Electronic Resources  |d Available Online  |t 0  |e TA706 .M87 2021  |h Library of Congress classification 
998 f f |a TA706 .M87 2021  |t 0  |l Available Online